000 00887nam a2200265 i 4500
001 178866
003 ES-MaACL
005 20230927173444.0
008 990712s1999 sp |||| | spa d
020 _a84-95192-17-9
080 _a37.011
080 _a316.738
100 1 _aHernández Sánchez, Antonio.
_9149500
245 1 3 _aLa personalidad obediente /
_cAntonio Hernández Sánchez.
260 _aCuenca :
_bDiputación Provincial de Cuenca, Departamento de Cultura,
_c[1999]
300 _a233 p. ;
_c21 cm.
500 _aÍndice onomástico.
504 _aReferencias bibliográficas.
650 7 _aEducación-
_xFilosofía.
_912079
650 7 _aControl social.
_911346
710 1 _aCuenca (Provincia).
_bDiputación Provincial.
_93346
852 _aES-MaACL
_jA-12008
_91865731
_bR.146805
_cDEPO1
_dOlim: N-5013
942 _2udc
_cMONOGRAFIA
999 _c178866
_d178866